[Event "Marburg op-A"]
[Site "Marburg"]
[Date "2023.10.29"]
[Round "6"]
[White "Mueller, Riyanna"]
[Black "Lutze, Max"]
[Result "0-1"]
[WhiteElo "1778"]
[BlackElo "2059"]
[PlyCount "104"]
[EventDate "2023.10.26"]
[EventType "swiss"]
[EventRounds "7"]
[EventCountry "GER"]
[SourceTitle "CB49_2023"]
[SourceDate "2023.12.06"]
[SourceVersion "1"]
[SourceVersionDate "2023.12.06"]
[SourceQuality "1"]

1. e4 c5 2. c3 Nf6 3. e5 Nd5 4. d4 cxd4 5. Nf3 Nc6 6. cxd4 d6 7. Bc4 Nb6 8. Bb5 dxe5 9. Nxe5 Bd7 10. Nxd7 Qxd7 11. Be3 e6 12. 0-0 Be7 13. Nc3 0-0 14. Qg4 Rfd8 15. Rad1 a6 16. Bd3 Nb4 17. Bb1 N4d5 18. Qh3 Nf6 19. Bg5 g6 20. Rfe1 Nbd5 21. Qh4 Rac8 22. Re5 Re8 23. Rde1 Nxc3 24. bxc3 Nd5 25. Bxe7 Nxe7 26. R5e3 Nd5 27. Rh3 f5 28. Rc1 b5 29. a3 Qe7 30. Qh6 Rc7 31. Ba2 Qxa3 32. Bxd5 exd5 33. Rd3 b4 34. Qd2 b3 35. h3 a5 36. Re3 Rxe3 37. Qxe3 Re7 38. Qf4 Kg7 39. Rb1 Qa2 40. Qc1 Re2 41. Qf1 Rxf2 42. Qxf2 Qxb1+ 43. Kh2 Qe4 44. Qb2 Qf4+ 45. g3 Qb8 46. Qe2 Qc7 47. Qb5 f4 48. Qxb3 fxg3+ 49. Kg2 Qf4 50. Qb7+ Kh6 51. Qb2 a4 52. Qa2 Qf2+ 0-1